01475cam a22003617a 4500003000500000005001700005008004100022010001000063011001000073035001000083040000900093090001000102100004000112245011800152260004000270300002200310502009700332590003700429590004100466590004100507590004100548590004200589650003700631650003600668650003100704901000700735942000900742949004300751949004800794999001700842952012600859952012800985CHAP20220329135939.0971013s1988 r 00010 d a44528 a45500 a49639 cCHAP aTesis00aRamírez Sandoval, Gerardo.99426213aLa sigatoka negra del plátano en Tabascob: análisis de la epidemia y desarrollo de un modelo de pronóstico aChapingo, Méx. :bEl autor,c1988 a79 h.b; gráfs. aTesis (M. C. Esp. en Fitopatología) -- Colegio de Postgraduados. Centro de Fitopatología aALEPHb10c20130110lUCH01h1313 aBATCH-UPDb10c20130110lUCH01h1339 aBATCH-UPDb10c20130410lUCH01h0841 aBATCH-UPDb10c20130914lUCH01h1835 aCONVERSIONb10c20130109lUCH01h132414aMycosphaerella fijiensis.97993314aPlátanoxEnfermedades.98923114aPlátanoxTabasco.989270 aBK cFOLL bBCcTESd-111899eTS1h20517i49639si bBCcTESd-111900eTS2fc.2h20518i49639si c44528d44528 00102local4053708TESISaBCbBCcPA_TESISd2019-12-31fTESISl0p-111900r2019-12-31 00:00:00tc.2w2019-12-31yTESIS 00102local4051708TESISaBCbBCcPA_TESISd2019-12-31fTESISl0oTesisp-111899r2019-12-31 00:00:00w2019-12-31yTESIS